000 00572nam a22001937a 4500
003 OSt
005 20140310182828.0
008 130530t xxu||||| |||| 00| 0 eng d
050 _aL 7
_b.Sch358 1986
082 _aM 248.2
_bM47 1986
245 _aMek wi kot panabu :
_b200 sweet truths from baba and mami Africa /
_cSchneider, Gilbert D.
260 _aLincoln City, U.S.A :
_bMildred and Gilbert Scneider,
_c1986
300 _a48 p. :
_c21 cm.
521 _acollege students
526 _c1210L-1700L
541 _j1
562 _e1
942 _2lcc
_cBK
_kM
999 _c16564
_d16564